Casebook rhetoric : a problem-solving approach to composition /

Bibliographic Details
Main Author: Tedlock, David, 1951-
Other Authors: Jarvie, Paul, 1949-
Format: Book
Language:English
Published: New York : Holt, Rinehart, and Winston, [1981]
Subjects:

MARC

Tag First Indicator Second Indicator Subfields
LEADER 00000pam a2200000 a 4500
001 in00000080270
005 20151008060911.0
008 801002s1981 nyu 00110 engm
010 |a  80024799  
020 |a 0030561248 
035 |a (OCoLC)06863249 
035 |9 AAJ6845AM 
040 |a DLC  |c DLC  |d m.c.  |d TXA  |d UtOrBLW 
049 |a TXAM  |c [1481985] 
050 0 0 |a PE1408  |b .T375 
082 0 |a 808/.042  |2 19 
100 1 |a Tedlock, David,  |d 1951- 
245 1 0 |a Casebook rhetoric :  |b a problem-solving approach to composition /  |c David Tedlock, Paul Jarvie. 
264 1 |a New York :  |b Holt, Rinehart, and Winston,  |c [1981] 
264 4 |c ©1981 
300 |a xiv, 242 pages ;  |c 24 cm. 
336 |a text  |b txt  |2 rdacontent 
337 |a unmediated  |b n  |2 rdamedia 
338 |a volume  |b nc  |2 rdacarrier 
500 |a Includes index. 
650 0 |a English language  |x Rhetoric. 
700 1 |a Jarvie, Paul,  |d 1949- 
999 |a MARS 
999 f f |s 0cd7c5bd-0260-392d-930a-86ba70430801  |i e924c5fc-169a-37f1-9d49-eb9b221e5f88  |t 0 
952 f f |p ric  |a Texas A&M University  |b Rellis Campus  |c Joint Library Facility  |s JLF  |d Remote Storage  |t 0  |e PE1408 .T375  |h Library of Congress classification  |i unmediated -- volume  |m A14806174870 
998 f f |a PE1408 .T375  |t 0  |l Remote Storage